logo

Bir Sreshtho Munshi Abdur Rouf Library
Jhenaidah Cadet College

Adventures of Huckleberry Finn (Tom Sawyer's comrade) (Record no. 7931)

MARC details
000 -LEADER
fixed length control field 00919cam a2200289 a 4500
001 - CONTROL NUMBER
JCCL Control Number 7931
003 - CONTROL NUMBER IDENTIFIER
JCCL marc code BD-JhCC
005 - DATE AND TIME OF LATEST TRANSACTION
control field 20190311092310.0
008 - FIXED-LENGTH DATA ELEMENTS--GENERAL INFORMATION
fixed length control field 871023r19851885onca b 000 1 eng d
020 ## - INTERNATIONAL STANDARD BOOK NUMBER
International Standard Book Number 0665501609
035 ## - SYSTEM CONTROL NUMBER
system control number (BD-JhCC)7931
035 ## - SYSTEM CONTROL NUMBER
system control number 2862380
040 ## - CATALOGING SOURCE
Original cataloging agency OCLC
Transcribing agency OCLC
Modifying agency BD-JhCC
041 ## - LANGUAGE CODE
Language code of Book eng
082 ## - DEWEY DECIMAL CLASSIFICATION NUMBER
Author mark and Year TWA 1961
DDC Edition number 23
Classification number 813.4
100 1# - MAIN ENTRY--PERSONAL NAME
Personal name Twain, Mark,
Dates associated with a name 1835-1910.
245 10 - TITLE STATEMENT
Title Adventures of Huckleberry Finn (Tom Sawyer's comrade)
Remainder of title scene, the Mississippi valley, time, forty to fifty years ago /
Statement of responsibility, etc by Mark Twain.
260 ## - PUBLICATION, DISTRIBUTION, ETC. (IMPRINT)
Place of publication, distribution, etc Montreal :
Name of publisher, distributor, etc Dawson,
Date of publication, distribution, etc 1885.
300 ## - PHYSICAL DESCRIPTION
Pagination 366 p. :
Other physical details ill.
500 ## - GENERAL NOTE
General note Reproduction of original in: Thomas Fisher Rare Book Library.
650 ## - SUBJECT ADDED ENTRY--TOPICAL TERM
Topical term or geographic name as entry element Finn, Huckleberry (Fictitious character)
650 ## - SUBJECT ADDED ENTRY--TOPICAL TERM
Topical term or geographic name as entry element Race relations
650 ## - SUBJECT ADDED ENTRY--TOPICAL TERM
Topical term or geographic name as entry element Runaway children
830 #0 - SERIES ADDED ENTRY--UNIFORM TITLE
Uniform title CIHM/ICMH microfiche series ;
Volume number/sequential designation no. 50160.
942 ## - ADDED ENTRY ELEMENTS (KOHA)
Source of classification or shelving scheme Dewey Decimal Classification
Koha item type Books
Holdings
Source of classification or shelving scheme Damaged status Not for loan Home library Current library Shelving location Total Checkouts Full call number Barcode Date last seen Copy number Koha item type
Dewey Decimal Classification     JCC Rouf Library JCC Rouf Library General Stacks   813.4 TWA 1961 10394 02/15/2018 C - 1 Books

JCC Library | Contacts | JCC Home

Last Update on 23 September 2017
Copyright @ 2017-2020 JCC Rouf Library
Rouf Library, Jhenidah Cadet College (JCC), Bangladesh